00625 2200229 4500001002100000005001500021035002000036007000300056008004100059020002200100082001400122084002000136100002000156245008200176250001100258260004400269300001700313500003800330990000900368990000900377990000900386INLIS00000000000751220241212031750 a0010-1221000010ta241212 g 0 ind  a978-602-7689-07-7 a899.221 3 a899.221 3 AND h0 aAndrew Matthews1 aHAPPINESS NOW :bHubungan Karier Kemakmuran Kedamaian jiwa /cAndrew Matthews aCet. 1 aJakarta :bUfuk Publishing House,c2012 a115 ;c24 cm aBuku ini akan mengubah hidup anda a5128 a5129 a5130